=LDR 00000nam 2200000 4500 =001 INLIS000000000061928 =005 20230131075705 =035 ##$$a 0010-0123000030 =007 ta =008 230131###########################f#ind## =020 ##$$a 979-637-338-6 =082 ##$$a 741.5 =084 ##$$a 741.5 FUJ e =100 #$$a Fujiko F. Fujio =245 1#$$a Esper Mami 1 /$c Fujiko F. Fujio =260 ##$$a Jakarta :$b Elex Media Komputindo,$c 1995 =300 ##$$a 188 halaman : $b Ilus. ; $c 18 cm =650 #4$$a Komik - Bacaan =990 ##$$a 02300230